000 01558nam a22002657a 4500
999 _c22097
_d22097
003 AR-CdUCM
008 190425b ||||| |||| 00| 0 spa d
040 _aMUNICIPALIDAD PROVINCIAL DEL CUSCO
_cBIBLIOTECA MUNICIPAL DEL CUSCO
082 _aParlante/N°106/2011
110 _aCentro Guamán Poma de Ayala
_920511
245 _aParlante :
_bRevista del Cusco /
260 _aCusco :
_bCentro de Educación y Comunicación Guamán Poma de Ayala,
_c2011.
300 _a36 páginas. :
_bilustraciones ;
_c30 cm.
440 _aParlante revista del Cusco.
_nAño 25, N°106, diciembre 2010-enero 2011.
_947440
505 _aContenido: Políticas culturales una necesidad para reconstruir la ciudadanía. -- Entrevista a Jorge Acurio Tito el desarrollo humano como semilla de la riqueza sostenible. Luis Nieto Degregori. -- Entrevista a Luis Flores García una ciudad ordenada y amigable. Juan Galiano Román. -- Cusco religioso. Luis H. Figueroa. -- Manos unidad en Cusco premio Principe de Asturias de la Concordia 2010. -- Prevenir para no lamentar la actualización del mapa de peligros del Cusco. Eliana Ricalde. -- Una sirena de Huanta los sueños de Magaly Solier. Jorge Alejamdro Vargas. ...
650 _aActualidad y política
_947410
650 _aCentro Histórico Cusco
_946767
650 _aEducación, cultura y deportes
_947422
650 _aMedio ambiente
_947423
700 _aVargas Prado, Alejandro
_947438
700 _aVenero Torres, César
_947439
710 _aCentro Guamán Poma de Ayala
_920511
942 _2ddc
_cPP
945 _avhl